000 00445nam a2200157Ia 4500
008 210716s2009 xx 000 0 und d
020 _a9788125930952
041 _aeng
082 _a004.35 NAGA
100 _aNag, Amitava;Singh, Jyoti Prakash;Sharmr, Hiren Kumar.
245 _aIntroduction to computing.
250 _a1
260 _aNew Delhi
_bVikas Publishing House
_c2009
300 _axiv,452
650 _aComputer Arch., Org.(004.22)
999 _c190955
_d190955